Statistics for Middle East Capital Map Quiz

Click here to take the quiz!

General Stats

  • This quiz has been taken 357 times
  • The average score is 13 of 17

Answers on the Map

Answers color-coded by a green-red scale on the quiz's map according to % correct below.
 

Answer Stats

Answer% Correct
Cairo
92%
Kuwait City
91%
Jerusalem
88%
Ankara
86%
Abu Dhabi
84%
Damascus
83%
Baghdad
81%
Nicosia
81%
Riyadh
80%
Tehran
77%
Beirut
76%
Muscat
72%
San'a
70%
Amman
65%
Doha
65%
Manama
64%
Ramallah
64%

Score Distribution

Percentile by Number Answered

Percent of People with Each Score

Your Score History

You have not taken this quiz